Wave mechanics and valency

I tiakina i:
Ngā taipitopito rārangi puna kōrero
Kaituhi matua: Linnett, John Wilfrid (autor)
Hōputu: Pukapuka
Reo:Ingarihi
I whakaputaina: Nueva York Barnes and Noble 1966
Rangatū:Methuen's Monographs on Chemical Subjects
Ngā marau:
Ngā Tūtohu: Tāpirihia he Tūtohu
Kāore He Tūtohu, Me noho koe te mea tuatahi ki te tūtohu i tēnei pūkete!

MARC

LEADER 00000nam a2200000 a 4500
001 UCT5854
003 CL-VaPUC
008 961223e19660000US |||||||||||||||||eng|d
082 0 4 |a 531.113  |b LIN  |2 21 
100 |a Linnett, John Wilfrid   |e autor  |9 375454 
245 1 0 |a Wave mechanics and valency 
300 |a 184 p 
942 |c BK 
945 |d 19961223 00:00:00  |a nastorga 
260 |a Nueva York  |b Barnes and Noble  |c 1966 
650 0 |a Cinética  |9 260943 
650 0 |a Átomos  |9 259583 
650 0 |a Hidrógeno   |9 360743 
650 0 |a Moléculas   |9 259584 
650 0 |a Energía   |9 259431 
650 0 |a Partículas   |9 259546 
650 7 |a ONDULACION  |2 CL-VaPUC  |9 375455 
650 0 |a Mecánica clásica  |9 368211 
583 |a last modification  |c 19961223 00:00:00  |k Rodrigo Vera 
490 0 |a Methuen's Monographs on Chemical Subjects 
999 |c 254651  |d 254649 
952 |0 0  |1 0  |4 0  |6 531_113000000000000_LIN_1966  |7 0  |8 A  |9 276477  |a BIBCUR  |b BIBCUR  |d 2019-11-19  |i 3262413  |o 531.113 LIN 1966  |p 3262413  |r 2025-04-22  |w 2019-11-19  |y BK  |k BCB